Technology and innovation report 2010.
| Corporate Author: | |
|---|---|
| Format: | Book |
| Published: |
New York:
United Nations,
2010.
|
| Subjects: |
| LEADER | 00428cam a2200145 7i4500 | ||
|---|---|---|---|
| 001 | 0000026031 | ||
| 005 | 20110408090000.0 | ||
| 090 | 0 | 0 | |a I 338.4 |b UNI |
| 110 | 2 | 0 | |a United Nation |
| 245 | 2 | 0 | |a Technology and innovation report 2010. |
| 260 | 0 | 0 | |a New York: |b United Nations, |c 2010. |
| 300 | # | # | |a 106p. |
| 650 | 0 | 0 | |a Technology innovations |
| 650 | 0 | 0 | |a High technology industries |
| 999 | |a 0000028374 |b Book |c International |e Business Information Centre | ||